El amor del otro cuarto / (Record no. 130016)

MARC details
000 -LEADER
campo de control de longitud fija 00670nam a2200205 i 4500
001 - NÚMERO DE CONTROL
campo de control 130016
003 - IDENTIFICADOR DE NÚMERO DE CONTROL
campo de control ES-MaACL
005 - FECHA Y HORA DE LA ÚLTIMA TRANSACCIÓN
campo de control 20230906193626.0
007 - CAMPO FIJO DE DESCRIPCIÓN FÍSICA--INFORMACIÓN GENERAL
campo de control de longitud fija t|
008 - DATOS DE LONGITUD FIJA--INFORMACIÓN GENERAL
campo de control de longitud fija 070716s1939 sp ||||1| spa d
100 1# - ENTRADA PRINCIPAL--NOMBRE DE PERSONA
Nombre de persona Zunzunegui, Juan Antonio de.
9 (RLIN) 118511
245 13 - MENCIÓN DEL TÍTULO
Título El amor del otro cuarto /
Mención de responsabilidad, etc. por Juan Antonio de Zunzunegui ; [ilustraciones de E. Lacarde].
260 ## - PUBLICACIÓN, DISTRIBUCIÓN, ETC.
Lugar de publicación, distribución, etc. Madrid :
Nombre del editor, distribuidor, etc. [s.n.],
Fecha de publicación, distribución, etc. 1939.
300 ## - DESCRIPCIÓN FÍSICA
Extensión 14 p. :
Otras características físicas il. ;
Dimensiones 28 cm.
490 1# - MENCIÓN DE SERIE
Mención de serie La novela de "Vértice" ;
Designación de volumen o secuencia enero 1939
700 1# - ENTRADA AGREGADA--NOMBRE PERSONAL
Nombre de persona Lacarde, E.
9 (RLIN) 137792
830 0# - PUNTO DE ACCESO ADICIONAL DE SERIE-TÍTULO UNIFORME
Título uniforme La novela de "Vértice" ;
Designación de volumen o secuencia enero 1939
9 (RLIN) 171496
852 ## - LOCALIZACIÓN
Ubicación ES-MaACL
Número de control de estantería 1846-F-36
Sublocalización o colección R.20267
Holdings
Estatus retirado Estado de pérdida Estado de daño No para préstamo Colección Biblioteca de origen Biblioteca actual Ubicación en estantería Fecha de adquisición Fuente de adquisición Total de préstamos Signatura topográfica completa Código de barras Visto por última vez Precio de reemplazo Tipo de ítem Koha
        Colección de folletos Biblioteca del Ateneo de Madrid Biblioteca del Ateneo de Madrid Depósito folletos 17/01/2008     1846-F-36 1135380 23/02/2023 23/02/2023 Folleto